Welcome to the Holygrace Academy Library

Please use search bar below to get started

THE ISLAND STALLION (Record no. 3173)

MARC details
000 -LEADER
fixed length control field 00298nam a22001337a 4500
020 ## - INTERNATIONAL STANDARD BOOK NUMBER
ISBN 0-394-84376-2
082 ## - DEWEY DECIMAL CLASSIFICATION NUMBER
Classification number 823
Item number FAR/I
100 ## - MAIN ENTRY--AUTHOR NAME
Personal name FARLEY, WALTER
245 ## - TITLE STATEMENT
Title THE ISLAND STALLION
260 ## - PUBLICATION, DISTRIBUTION, ETC. (IMPRINT)
Place of publication NEW YORK
Name of publisher RANDOM HOUSE
Year of publication 1998
300 ## - PHYSICAL DESCRIPTION
Number of Pages 207
650 ## - SUBJECT ADDED ENTRY--TOPICAL TERM
Topical Term NOVEL
Geographic subdivision UNITED STATES
942 ## - ADDED ENTRY ELEMENTS (KOHA)
Koha item type Books
Holdings
Withdrawn status Lost status Collection code Home library Current library Shelving location Date acquired Source of acquisition Full call number Accession Number Koha item type
    Fiction Main Library Main Library SHELF-14E- ALPHABETICAL -E,F,G --ENGLISH NOVELS & FICTIONS 09/03/2002 purchase 823 FAR/I 00111 Books
    Fiction Main Library Main Library SHELF-14E- ALPHABETICAL -E,F,G --ENGLISH NOVELS & FICTIONS 09/03/2002 purchase 823 FAR/I 00112 Books